000 00787nam a22002175i 4500
001 169934
003 ES-MaACL
005 20250915230736.0
008 081222s1897 fr |||| | fre d
080 _a82-293
100 1 _aCain, Henri.
_9137954
245 1 0 _aSapho
_b: pièce lyrique en cinq actes /
_cHenri Cain & Bernède ; d'après le roman de Alphonse Daudet ; musique de J. Massenet.
260 _aParis :
_bHeugel & Cie.,
_c1897.
300 _a48 p. ;
_c18 cm.
650 1 4 _aÓperas-
_vLibretos.
_9137584
700 1 _aBernède, Arthur.
_9137956
700 1 _aDaudet, Alphonse,
_d1840-1897
_942799
700 1 _aMassenet, Jules,
_d1842-1912
_9240595
852 _aES-MaACL
_j2245-F-20
_9R.140972
_z.- Biblioteca Jacinto Martínez Lacalle
999 _c169934
_d169934